The wonders of life : (Record no. 6333)
[ view plain ]
| 000 -LEADER | |
|---|---|
| fixed length control field | 03125nam a22003377a 4500 |
| 001 - CONTROL NUMBER | |
| control field | 6333 |
| 003 - CONTROL NUMBER IDENTIFIER | |
| control field | FISKH |
| 005 - DATE AND TIME OF LATEST TRANSACTION | |
| control field | 20250422145048.0 |
| 008 - FIXED-LENGTH DATA ELEMENTS--GENERAL INFORMATION | |
| fixed length control field | 100427s2010 nyua 000 0 eng d |
| 010 ## - LIBRARY OF CONGRESS CONTROL NUMBER | |
| LC control number | 2010927612 |
| 020 ## - INTERNATIONAL STANDARD BOOK NUMBER | |
| International Standard Book Number | 9781603201414 (hdbk.) |
| 020 ## - INTERNATIONAL STANDARD BOOK NUMBER | |
| International Standard Book Number | 072440100718 |
| 020 ## - INTERNATIONAL STANDARD BOOK NUMBER | |
| International Standard Book Number | 1603201416 (hdbk.) |
| 040 ## - CATALOGING SOURCE | |
| Original cataloging agency | BTCTA |
| Language of cataloging | eng |
| Transcribing agency | BTCTA |
| Modifying agency | CLE |
| 050 ## - LIBRARY OF CONGRESS CALL NUMBER | |
| Classification number | QH46 .W66 |
| 082 ## - DEWEY DECIMAL CLASSIFICATION NUMBER | |
| Classification number | 508 |
| 100 ## - MAIN ENTRY--PERSONAL NAME | |
| Personal name | Anonymous |
| 245 04 - TITLE STATEMENT | |
| Title | The wonders of life : |
| Remainder of title | The amazing world of nature / |
| 260 ## - PUBLICATION, DISTRIBUTION, ETC. | |
| Place of publication, distribution, etc. | New York : |
| Name of publisher, distributor, etc. | Life Book, |
| Date of publication, distribution, etc. | 2010. |
| 300 ## - PHYSICAL DESCRIPTION | |
| Extent | 126 pages : |
| Other physical details | color illustrations ; |
| Dimensions | 28 cm |
| 500 ## - GENERAL NOTE | |
| General note | "Includes 5 removable prints ready to be framed"--Jacket. |
| 500 ## - GENERAL NOTE | |
| General note | "Life the classic collection"--Jacket. |
| 520 ## - SUMMARY, ETC. | |
| Summary, etc. | Here we have an endless stream of exotica-exotic living things growing from the ground and exotic critters of all shapes and sizes, crawling, bounding and flying around. As LIFE's editors put it in their introduction: "This is a wild book. In its pages we have animals as big as trucks and plants as big as small towns. We have flowers that dance for our pleasure and flowers that shyly hide underground, flowers that can kill animals and flowers that can heal animals. We have a teeny tiny bird that is directly descended from T Rex and a truly enormous bird that can't fly but can run 45 miles an hour. We have a lizard king that could rip you apart and a lizard princeling that walks on water. This is a wild, wild book." It is indeed. It is a book that is focused on life at the far fringes-the biggest, toughest, gentlest, rarest and weirdest species. It ultimately creates an astonishing image of the world around us, a world more diverse and sometimes strange than even the most imaginative reader might have expected. Accompanying the remarkable photography, which is always LIFE's hallmark, are descriptions of each subject that will fairly boggle the mind. Did you know that a carnivorous plant's trapping mechanism often doubles as its stomach, or that an elephant seal can hold its breath for up to two hours when diving in the sea? There are as many amazing facts in these pages as there are sensational pictures. And as with earlier volumes in LIFE's Classic Collection series, Wonders of Life comes with a bonus feature: Five photographic prints from the famed LIFE archive that can be extracted, framed and hung on your wall. When the print is removed, the exact picture is still there on the page beneath, so your deluxe coffee-table book remains intact. It is, as the editors write, "an elegant trick worthy of the dancing flower, and one that our readers have come to expect-and greatly enjoy." Travel along then, around the globe and to the depths of the oceans, as LIFE celebrates the wonders of life-each of them wondrous almost beyond belief. |
| 650 #0 - SUBJECT ADDED ENTRY--TOPICAL TERM | |
| Topical term or geographic name entry element | Natural history |
| Form subdivision | Pictorial works. |
| 650 #0 - SUBJECT ADDED ENTRY--TOPICAL TERM | |
| Topical term or geographic name entry element | Curiosities and wonders |
| Form subdivision | Pictorial works. |
| 650 #4 - SUBJECT ADDED ENTRY--TOPICAL TERM | |
| Topical term or geographic name entry element | Natural history |
| General subdivision | Pictorial works. |
| 650 #4 - SUBJECT ADDED ENTRY--TOPICAL TERM | |
| Topical term or geographic name entry element | Curiosities and wonders |
| General subdivision | Pictorial works. |
| 906 ## - LOCAL DATA ELEMENT F, LDF (RLIN) | |
| a | 7 |
| b | cbc |
| c | copycat |
| d | 2 |
| e | ncip |
| f | 20 |
| g | y-gencatlg |
| 942 ## - ADDED ENTRY ELEMENTS (KOHA) | |
| Source of classification or shelving scheme | Dewey Decimal Classification |
| Koha item type | Books |
| Suppress in OPAC | No |
| Withdrawn status | Lost status | Source of classification or shelving scheme | Damaged status | Not for loan | Collection | Home library | Current library | Shelving location | Date acquired | Total Checkouts | Full call number | Barcode | Date last seen | Price effective from | Koha item type |
|---|---|---|---|---|---|---|---|---|---|---|---|---|---|---|---|
| Dewey Decimal Classification | Non-Fiction | Footprints International School Library Network Toul Kork Campus | Footprints International School Library Network Toul Kork Campus | A TK Campus, 4th Floor, Room B401, Non-Fiction Bookcases(7-8) | 04/22/2025 | ANO 508 QH46 .W66 | 2025-1079 | 04/22/2025 | 04/22/2025 | Books |
